| 000 | 00482nam a2200181Ia 4500 | ||
|---|---|---|---|
| 001 | 47577 | ||
| 008 | 140429s9999 xx 000 0 und d | ||
| 020 | _aNA | ||
| 040 | _cPK-LaUMT | ||
| 082 |
_aRHC 891.4393 _bUMA-U |
||
| 100 | _aUmar Muhajir, Muhammad | ||
| 245 |
_aUrdu afsaanay kaa tashkeeli daur (Urdu) _cUmar Muhajir, Muhammad |
||
| 260 |
_aKarachi,Pakistan: _bState Bank of Pakistan, _c2005 |
||
| 300 | _a79 p. | ||
| 546 | _aUR | ||
| 650 | _aUrdu literature | ||
| 942 | _cBK | ||
| 999 |
_c45497 _d45497 |
||